000 01248nam a2200313Ia 4500
001 ebr10379923
003 CaPaEBR
006 m u
007 cr cn|||||||||
008 090914s2010 vau sb 001 0 eng d
010 _z 2009038224
020 _z9781416609032 (pbk. : alk. paper)
040 _aCaPaEBR
_cCaPaEBR
035 _a(OCoLC)610419422
050 1 4 _aLB1033.5
_b.E39 2010eb
082 0 4 _a371.102/2
_222
100 1 _aEdwards, Jenny,
_d1949-
245 1 0 _aInviting students to learn
_h[electronic resource] :
_b100 tips for talking effectively with your students /
_cJenny Edwards.
260 _aAlexandria, VA :
_bASCD,
_cc2010.
300 _axxiii, 170 p.
504 _aIncludes bibliographical references and index.
533 _aElectronic reproduction.
_bPalo Alto, Calif. :
_cebrary,
_d2010.
_nAvailable via World Wide Web.
_nAccess may be limited to ebrary affiliated libraries.
650 0 _aCommunication in education.
650 0 _aMotivation in education.
650 0 _aTeacher-student relationships.
655 7 _aElectronic books.
_2local
710 2 _aebrary, Inc.
856 4 0 _uhttp://site.ebrary.com/lib/rucke/Doc?id=10379923
_zAn electronic book accessible through the World Wide Web; click to view
999 _c205837
_d205837